Vzdelávanie, veda a ekonomika na vysokých školách na prelome tisícročí medzinárodná vedecká konferencia

Salvato in:
Dettagli Bibliografici
Natura: Libro
Lingua:slovacco
russo
Pubblicazione: Košice Podnikovohospodárska fakulta EU v Košiciach 2000
Soggetti:
Tags: Aggiungi Tag
Nessun Tag, puoi essere il primo ad aggiungerne!!

MARC

LEADER 00000nam a2200000 4500
001 c122542
005 20240104101137.5
020 |a 80-225-1288-5 
041 0 |a slo 
041 0 |a rus 
044 |a SK 
245 1 0 |a Vzdelávanie, veda a ekonomika na vysokých školách na prelome tisícročí  |b medzinárodná vedecká konferencia 
264 1 |a Košice  |b Podnikovohospodárska fakulta EU v Košiciach  |c 2000 
300 |a 270 s. 
610 2 0 |a vzdelávanie 
610 2 0 |a veda 
610 2 0 |a ekonómia 
610 2 0 |a školy vysoké 
610 2 0 |a Slovensko